1634 1955 1143 1584 1615 1186 1806 1654 1120 1006 1109 1831 1857 1545 1985 1022 1532 1555 1921 1986 1968 1709 1290 1460 1358 1261 1231 1987 1799 1981 1313 1401 1981 1521 1094 1436 1679 1835 1508 1380 1763 1334 1734 1081 1852 1315 1064 1010 1673 1946 1037 1830 1526 1686 1961 1900 1708 1716 1555 1975 1859 1572 1006 1969 1113 1447 1295 1868 1942 1855 1620 1625 1989 1770 1137 1950 1034 1921 1104 1722 1803 1369 1447 1919 1790 1290 1527 1737 1255 1058 1251 1390 1530 1328 1199 1852 1219 1100 1457 BCNSPRNW ULIB Ver.6.0+V

เปลี่ยนเป็นภาษาไทย

Change to English
 แสดงรายละเอียดบรรณานุกรม
  กลับหน้าหลัก

Brief Record : Get Marc (ISO 2709) : E-mail record : QR code < ปิดหน้าต่าง
LEADER : 00000nam 2200000uu 4500
001    13399127581
003     ULIB
008    210219s2563||||th 000 0 tha d
020 ^   ^a9786164220546
060 ^   ^aWH21^bต367
245 0   ^aตำราโลหิตวิทยาและพยาธิวิทยาคลินิก =^bTextbook of hematology and clinical pathology /^cปิยะ รุจกิจยานนท์, บรรณาธิการ.
246 3   ^aTextbook of hematology and clinical pathology
250 ^   ^aพิมพ์ครั้งที่ 1.
260 ^   ^aกรุงเทพฯ :^bโครงการตำรา วิทยาลัยแพทยศาสตร์พระมงกุฎเกล้า,^c2563.
300 ^   ^a553 หน้า :^bภาพประกอบ
650 ^   ^aโลหิตวิทยา.
650 ^   ^aพยาธิวิทยาคลินิก.
650 ^   ^aเลือด, โรค^xการวินิจฉัย.
655 ^   ^aHealth Sciences Branch.
700 0   ^aปิยะ รุจกิจยานนท์,^eบรรณาธิการ.
710 2   ^aวิทยาลัยแพทยศาสตร์พระมงกุฎเกล้า.^bโครงการตำรา.
945    ^p800^l0^i007608
945    ^p800^l0^i007609
945    ^p800^l0^i007610
945    ^p800^l0^i008258
945    ^p800^l0^i008259
999    ^aประนอม เกษจรัล
รายการนี้ยังไม่มีแท็ก
คุณยังไม่ได้ล็อกอิน คุณสามารถมีกิจกรรมร่วมกับเว็บไซต์ได้ แต่ต้องล็อกอินก่อน ::
  ล็อกอิน

รายการสื่อสารสนเทศ

ลำดับที่ ประเภท เลขเรียก/บาร์โค้ด สถานที่ สถานะ
1. วิทยาศาสตร์การแพทย์ และสุขภาพ
หนังสือสำรอง
สถานะ=หนังสือสำรอง
WH21 ต367 ฉ.1 
  Barcode: 007608
ห้องสมุดวิทยาเขตสวรรค์ประชารักษ์
►หนังสือทั่วไป
บนชั้น
2. วิทยาศาสตร์การแพทย์ และสุขภาพ
วิทยาศาสตร์การแพทย์ และสุขภาพ
WH21 ต367 ฉ.2 
  Barcode: 007609
ห้องสมุดวิทยาเขตสวรรค์ประชารักษ์
►หนังสือทั่วไป
บนชั้น
3. วิทยาศาสตร์การแพทย์ และสุขภาพ
วิทยาศาสตร์การแพทย์ และสุขภาพ
WH21 ต367 ฉ.3 
  Barcode: 007610
ห้องสมุดวิทยาเขตสวรรค์ประชารักษ์
►หนังสือทั่วไป
บนชั้น
4. วิทยาศาสตร์การแพทย์ และสุขภาพ
วิทยาศาสตร์การแพทย์ และสุขภาพ
WH21 ต367 ฉ.4 
  Barcode: 008258
ห้องสมุดวิทยาเขตสวรรค์ประชารักษ์
►หนังสือทั่วไป
บนชั้น
5. วิทยาศาสตร์การแพทย์ และสุขภาพ
วิทยาศาสตร์การแพทย์ และสุขภาพ
WH21 ต367 ฉ.5 
  Barcode: 008259
ห้องสมุดวิทยาเขตสวรรค์ประชารักษ์
►หนังสือทั่วไป
บนชั้น

รายการใกล้เคียง
    หัวเรื่อง [โลหิตวิทยา.]
    หัวเรื่อง [พยาธิวิทยาคลินิก.]

BibComment


ยังไม่เคยถูกคอมเมนท์

คอมเมนท์ทรัพยากรรายการนี้
  คอมเมนท์: ตำราโลหิตวิทยาแ..


 Copyright 2026. Bcnsprnw @Library